header

Procli Diadochi Tria Opuscula (Record no. 105223)

MARC details
000 -LEADER
fixed length control field 01540nam a2200349 a 4500
100 0# - MAIN ENTRY--AUTHOR NAME
Personal name Proclus,
245 10 - TITLE STATEMENT
Title Procli Diadochi Tria Opuscula
260 ## - PUBLICATION, DISTRIBUTION, ETC. (IMPRINT)
Place of publication Berlin :
Name of publisher De Gruyter,
Year of publication 1960.
300 ## - PHYSICAL DESCRIPTION
Number of Pages xxxi, 343 p.
490 1# - SERIES STATEMENT
Series statement Quellen und Studien zur Geschichte der Philosophie ;
700 1# - ADDED ENTRY--PERSONAL NAME
Personal name Boese, Helmut.
856 40 - ELECTRONIC LOCATION AND ACCESS
Uniform Resource Identifier http://site.ebrary.com/lib/rucke/Doc?id=10590353

No items available.

© 2026 Rongo University
Contact us: librarian | system librarian | Rongo university